000 00200 a2200097 4500
020 _a 9780516255323
041 _aspa
100 _aLove, Pamela
245 _aDos pies suben,dos pies bajan
942 _cBK
999 _c10613
_d10613